| 000 | 00000nam##2200000za#4500 |
| 001 | 9.636937 |
| 003 | CaOODSP |
| 005 | 20210624220951 |
| 007 | cr ||||||||||| |
| 008 | 150407|2000||||xxc|||||o f|0| 0 fre|d |
| 040 | |aCaOODSP|bfre |
| 043 | |an-cn--- |
| 086 | 1 |aCi51-96/2000F-PDF |
| 110 | 1 |aCanada. |bCitoyenneté et immigration Canada. |
| 245 | 10|aL'appartenance - guide d'activités pour enseignants et responsables de jeunes |h[ressource électronique] |
| 260 | |aOttawa - Ontario : |bCitoyenneté et Immigration Canada |c[2000]. |
| 300 | |a36p.|bill. en couleur |
| 590 | |a10-10-Supp|b2010-11-09 |
| 691 | 07|aCitoyenneté|2gcpds |
| 691 | 07|aEnseignant|2gcpds |
| 691 | 07|aEnfant|2gcpds |
| 691 | 07|aAdolescent|2gcpds |
| 775 | 08|tBelonging - an activity guide for teachers and youth leaders |w(CaOODSP)9.692721 |
| 776 | 0#|tBelonging: an activity guide for teachers and youth leaders |w(CaOODSP)9.662155 |
| 776 | 0#|tL'appartenance: guide d'activités pour enseignants et responsables de jeunes |w(CaOODSP)9.662156 |
| 856 | 40|ahttp://publications.gc.ca|qPDF|s552 Ko|uhttps://publications.gc.ca/collections/Collection/Ci51-96-2000F.pdf |